[Event "TUR-chT2"]
[Site "Konya"]
[Date "2017.07.14"]
[Round "8.8"]
[White "Duman, Sena"]
[Black "Cetin, Asilda"]
[Result "1/2-1/2"]
[WhiteElo "1488"]
[BlackElo "1386"]
[PlyCount "76"]
[EventDate "2017.07.09"]
[EventType "team-swiss"]
[EventRounds "9"]
[EventCountry "TUR"]
[SourceTitle "CBM 179 Extra"]
[Source "ChessBase"]
[SourceDate "2017.08.23"]
[SourceVersion "1"]
[SourceVersionDate "2017.08.23"]
[SourceQuality "1"]
[WhiteTeam "Derince Turgut"]
[BlackTeam "Genclik Merkezi Genc"]
[WhiteTeamCountry "TUR"]
[BlackTeamCountry "TUR"]

1. e4 c5 2. c3 g6 3. d4 cxd4 4. cxd4 d5 5. exd5 Nf6 6. Nf3 Nxd5 7. Nc3 Bg7 8. Be2 0-0 9. 0-0 Nc6 10. Re1 Nb6 11. Be3 Be6 12. Qd2 Bc4 13. b3 Bxe2 14. Nxe2 Nd5 15. Bh6 Rc8 16. h4 Ncb4 17. Rac1 Rxc1 18. Nxc1 f6 19. h5 Bxh6 20. Qxh6 g5 21. Re6 Nf4 22. Nxg5 fxg5 23. Qxg5+ Kh8 24. Qe5+ Kg8 25. h6 Nxe6 26. Qxe6+ Rf7 27. Qg4+ Kh8 28. Qe4 Qf8 29. Qe5+ Rf6 30. f3 Qxh6 31. Ne2 Nd3 32. Qxe7 Re6 33. Qd8+ Kg7 34. Qd7+ Kf6 35. Qd8+ Kf7 36. Qd7+ Kg8 37. Qc8+ Kf7 38. Qd7+ Kf8 1/2-1/2